000 00599nam a2200217 a 4500
001 BRCA_7851
005 20190320210026.0
008 071113s1964----au-a######---#000-0#ger-#
041 _ager
044 _aau
050 4 _aNE654.D8
_b.K53 1964
100 1 _aKnappe, Karl Adolf
_919433
245 1 0 _aDurer
_bdas graphische werk
_ctext von Karl Adolf Knappe.
260 _aViena, Austria
_bA. Schroll
_c1964
300 _a40 p.
_bil., 385 láminas
_c35 cm.
500 _aY75
600 1 4 _aDurero, Alberto
_d1471-1528
_910301
650 1 4 _aGrabadores alemanes
_97216
902 _aGFM
942 _2lcc
_cB
999 _c7525
_d7525